Making sense of the news. (Record no. 1448)

000 -LEADER
fixed length control field nam a22 7a 4500
005 - DATE AND TIME OF LATEST TRANSACTION
control field 20170509152333.0
008 - FIXED-LENGTH DATA ELEMENTS--GENERAL INFORMATION
fixed length control field 170509b1983 flu||||| |||| 00| 0 eng d
020 ## - INTERNATIONAL STANDARD BOOK NUMBER
International Standard Book Number 0935742077
040 ## - CATALOGING SOURCE
Original cataloging agency AKMAL
082 ## - DEWEY DECIMAL CLASSIFICATION NUMBER
Classification number 302.2322 INS
090 ## - LOCALLY ASSIGNED LC-TYPE CALL NUMBER (OCLC); LOCAL CALL NUMBER (RLIN)
Classification number (OCLC) (R) ; Classification number, CALL (RLIN) (NR) 302.2322
Local cutter number (OCLC) ; Book number/undivided call number, CALL (RLIN) INS
245 00 - TITLE STATEMENT
Title Making sense of the news.
260 ## - PUBLICATION, DISTRIBUTION, ETC.
Place of publication, distribution, etc. St. Petersburg, Fla. :
Name of publisher, distributor, etc. Modern Media Institute,
Date of publication, distribution, etc. c1983
300 ## - PHYSICAL DESCRIPTION
Extent 118p
Dimensions cm
710 2# - ADDED ENTRY--CORPORATE NAME
Corporate name or jurisdiction name as entry element Modern Media Institute (Saint Petersburg, Fla.).
Subordinate unit Ethics Center
9 (RLIN) 2865
942 ## - ADDED ENTRY ELEMENTS (KOHA)
Source of classification or shelving scheme
Koha item type Book
Holdings
Withdrawn status Lost status Source of classification or shelving scheme Damaged status Not for loan Collection code Home library Current library Shelving location Date acquired Inventory number Total Checkouts Full call number Barcode Date last seen Price effective from Koha item type
          NON-FICTION AKMAL Melaka AKMAL Melaka PINJAMAN 09.05.2017 301602   302.2322 INS 201702710 09.05.2017 09.05.2017 Book
Pusat Sumber Maklumat Dato' Haji Sarmin Md Hussin, Akademi Kastam Diraja Malaysia, Melaka
Tel: 06-2331106 | Faks: 06-2313787